000
00285nam a2200121Ia 4500
005
20251222144643.0
008
251222s9999||||xx |||||||||||||| ||spa||
020
_a
9972-738-07-8
082
_a
348.023/C73/2001
245
0
_a
Legislación Civil Peruana
264
_b
Legis
942
_c
LIB
999
_c
16744
_d
16744